| 000 | 00496nam a2200157 a 4500 | ||
|---|---|---|---|
| 001 | 000032718 | ||
| 005 | 20200930065807.0 | ||
| 008 | 110725s1946 xxuab 000 0 spa d | ||
| 020 | _a0300048734 | ||
| 040 |
_aDO-SdBNP _bspa _cBNPHU |
||
| 082 |
_axxx _bK64s |
||
| 100 | 1 |
_aKlein, Alan M., _d1946- _958570 |
|
| 245 | 1 | 0 |
_aSugarball : _bthe american game, the dominican dream / _cAlan M. Klein. |
| 260 |
_aNew Haven : _aLondon : _bYale University Press, _c1946. |
||
| 300 |
_a179 p. : _bil., map. ; _c25 cm. |
||
| 999 |
_c32209 _d32209 |
||